| 000 | 00708nam a22002417a 4500 | ||
|---|---|---|---|
| 001 | 8812 | ||
| 003 | FISKH | ||
| 005 | 20251021153836.0 | ||
| 008 | 251021b cb ||||| |||| 00| 0 eng d | ||
| 020 | _a9780816765843 | ||
| 040 |
_aFISKH _beng _cFISKH _dFISKH |
||
| 050 | _aPZ7 | ||
| 100 | _aColuombo, Luann | ||
| 245 |
_aDo you really know your pet ? : _bA pet science kit / _cBy Luann Colombo |
||
| 260 |
_aNJ : _bTroll Communications L.L.C., _c2000. |
||
| 300 |
_a16 unnumbered pages : _billustrations ; _c14 * 21 cm . |
||
| 505 | _aK | ||
| 521 | 8 |
_a510
_bLexile estimate |
|
| 521 | 8 |
_aK
_bRaz-Plus |
|
| 700 |
_aGeorrgeson , Peter _eIllustrator |
||
| 942 |
_2ddc _cBK _n0 |
||
| 999 |
_c8812 _d8812 |
||